| 000 | 01279caa a22002535a 4500 | ||
|---|---|---|---|
| 001 | E142442 | ||
| 008 | 08014 e20080213stk f s000 0 eng d | ||
| 020 | _a9780755916436 | ||
| 035 | _a(Sirsi) u142442 | ||
| 041 | 0 | _aeng | |
| 110 | 1 |
_aScotland _bScottish Government _95344 |
|
| 245 | 0 | 0 |
_aPartial regulatory impact assessment of proposals for draft Flooding Bill _h[electronic resource] |
| 260 |
_aEdinburgh _bScottish Government _c2008 |
||
| 520 | _aAssess the cost and benefits for proposals for the draft Flooding Bill. The Bill will transpose the EC Directive on the Assessment and Management of Flood Risk. The Bill will also set out proposals to transfer responsibility for enforcement of the Reservoirs Act 1975 in Scotland from local authorities to a single enforcement authority. | ||
| 520 | _aSee also ISBN 9780755956999. | ||
| 590 | _aKA | ||
| 650 | 2 | 4 | _aDRAFT FLOODING (SCOTLAND) BILL 2008 |
| 650 | 2 | 4 | _aRESERVOIRS ACT 1975 |
| 650 | 2 | 4 | _aFLOOD PREVENTION (SCOTLAND) ACT 1961 |
| 651 | 4 |
_aScotland _y1999- |
|
| 690 | _aENVIRONMENTAL AND LAND CONSULTANCY-WATER RESOURCE MANAGEMENT-FLOODING | ||
| 856 | 4 | 0 |
_uhttps://www.scotland.gov.uk/Publications/2008/02/13095809/0 _zView the consultation free of charge at www.scotland.gov.uk/consultations... |
| 942 | _n0 | ||
| 999 |
_c107887 _d107887 |
||